Don't hedge your bets. (Record no. 61521)
[ view plain ]
| 000 -LEADER | |
|---|---|
| fixed length control field | 00682cam a2200169 4500 |
| 001 - CONTROL NUMBER | |
| control field | WB3523-22 |
| 008 - FIXED-LENGTH DATA ELEMENTS--GENERAL INFORMATION | |
| fixed length control field | 000000n1999 000 0 eng u |
| 035 ## - SYSTEM CONTROL NUMBER | |
| System control number | (Sirsi) u102512 |
| 245 ## - TITLE STATEMENT | |
| Title | Don't hedge your bets. |
| 260 ## - PUBLICATION, DISTRIBUTION, ETC. | |
| Date of publication, distribution, etc. | 1999 |
| 490 ## - SERIES STATEMENT | |
| Series statement | DETR News Release |
| Volume/sequential designation | (561) 15 June 1999 (1) |
| 520 ## - SUMMARY, ETC. | |
| Summary, etc. | The Environment minister has launched a Code of Practice encouraging members of landscaping, horticulture and development industries to give advice to consumers choosing hedging for their gardens. A consumer leaflet giving advice is to be published in the Autumn. |
| 650 ## - SUBJECT ADDED ENTRY--TOPICAL TERM | |
| Topical term or geographic name entry element | HEDGES |
| 650 ## - SUBJECT ADDED ENTRY--TOPICAL TERM | |
| Topical term or geographic name entry element | LANDSCAPING |
| 690 ## - LOCAL SUBJECT ADDED ENTRY--TOPICAL TERM (OCLC, RLIN) | |
| Topical term or geographic name as entry element | HIGHWAYS RIGHTS OF WAY AND EASEMENTS |
| 942 ## - ADDED ENTRY ELEMENTS (KOHA) | |
| Suppress in OPAC | 0 |
| Withdrawn status | Lost status | Source of classification or shelving scheme | Damaged status | Not for loan | Home library | Current library | Shelving location | Date acquired | Total Checkouts | Full call number | Barcode | Date last seen | Copy number | Price effective from | Koha item type |
|---|---|---|---|---|---|---|---|---|---|---|---|---|---|---|---|
| Dewey Decimal Classification | London | London | News article | 22/11/1999 | WB3523-22 | 102512-1001 | 06/08/2019 | 1 | 06/08/2019 | News article |